000 00208 a2200097 4500
001 41204
100 _aDavis, F
245 _aThe persians mystics
260 _aLahore
_bSH M Ashraf
_c
090 _c25425
_d25425
942 _aNUST-CAE
_cM
_c17142
999 _c276277
_d276277